000 00712nam a2200229 i 4500
001 C2-0137589
003 PPAK
005 20180727124302.0
008 971214s xx |||| ||||| | may d
040 _aPPAK
_beng
_cPPAK
_erda
082 0 4 _a959.5112
_223
090 0 0 _a959.5112
_bSHA
_dKK
100 1 _aWan Shamsudin Mohd Yusof, Wan,
_eauthor
245 1 0 _aMahsuri : antara metos,lagenda dan sejarah
264 1 _a[place of publication not identified] :
_b[publisher not identified] ,
_c[date of publication not identified]
300 _a7 pages ;
_c33 cm
336 _2rdacontent
_atext
337 _2rdamedia
_aunmediated
338 _2rdacarrier
_avolume
650 1 0 _aKedah - History.
942 _ddc
_cB
999 _c43006
_d43006